अनुभव / (Record no. 148505)

MARC details
000 -LEADER
fixed length control field 01854nam a22003257a 4500
005 - DATE AND TIME OF LATEST TRANSACTION
control field 20171228104011.0
008 - FIXED-LENGTH DATA ELEMENTS--GENERAL INFORMATION
fixed length control field 171228b xxu||||| |||| 00| 0 eng d
010 ## - LCCN (DPL NO)
LC control number B-685420
020 ## - INTERNATIONAL STANDARD BOOK NUMBER
Terms of availability 80.00
International Standard Book Number 9788126010301
035 ## - SYSTEM CONTROL NUMBER
System control number B-685420
037 ## - SOURCE OF ACQUISITION
Source of stock number/acquisition नॉर्थ इंडिया पब्लिशर्स
040 ## - CATALOGING SOURCE
Original cataloging agency DPL
Language of cataloging HN
082 ## - DEWEY DECIMAL CLASSIFICATION NUMBER
Classification number
Item number पालित
100 ## - MAIN ENTRY--PERSONAL NAME
Personal name पालित, दिव्येन्दु
9 (RLIN) 9690
245 ## - TITLE STATEMENT
Title अनुभव /
Statement of responsibility, etc दिव्येन्दु पालित; अनुवादक सुशील गुप्ता
246 ## - VARYING FORM OF TITLE
Title proper/short title Anubhav /
Remainder of title by Divyendu Palit; anuwadak Susheel Gupta
260 ## - PUBLICATION, DISTRIBUTION, ETC. (IMPRINT)
Place of publication, distribution, etc नई दिल्ली
Name of publisher, distributor, etc साहित्य अकादेमी
Date of publication, distribution, etc 2017
270 ## - ADDRESS
Address रविन्द्र भवन, 35, फिरोजशाह मार्ग
City नई दिल्ली
Postal code 110001
300 ## - PHYSICAL DESCRIPTION
Extent 123पृ.
Dimensions 19सेमी (सजिल्द)
500 ## - GENERAL NOTE
General note साहित्य अकादेमी द्वारा पुरस्कृत बड्लि उपन्यास
505 ## - FORMATTED CONTENTS NOTE
Formatted contents note राष्ट्रपति भवन
520 ## - SUMMARY, ETC.
Summary, etc AW
650 ## - SUBJECT ADDED ENTRY--TOPICAL TERM
Topical term or geographic name as entry element हिन्दी साहित्य
9 (RLIN) 56282
650 ## - SUBJECT ADDED ENTRY--TOPICAL TERM
Topical term or geographic name as entry element हिन्दी साहित्य -- उपन्यास
9 (RLIN) 46379
650 ## - SUBJECT ADDED ENTRY--TOPICAL TERM
Topical term or geographic name as entry element Hindi literature
9 (RLIN) 56283
650 ## - SUBJECT ADDED ENTRY--TOPICAL TERM
Topical term or geographic name as entry element Hindi literature -- Fiction
9 (RLIN) 56284
700 ## - ADDED ENTRY--PERSONAL NAME
Personal name गुप्ता, सुशील
9 (RLIN) 56285
942 ## - ADDED ENTRY ELEMENTS (KOHA)
Source of classification or shelving scheme Dewey Decimal Classification
Item type Hindi Books
Classification part
Call number suffix पालित
Holdings
Withdrawn status Lost status Source of classification or shelving scheme Damaged status Not for loan Collection code Home library Current library Date acquired Source of acquisition Cost, normal purchase price Total Checkouts Full call number Barcode Date last seen Copy number Cost, replacement price Koha item type
    Dewey Decimal Classification     Fiction Mobile Library Mobile Library 28/12/2017 नॉर्थ इंडिया पब्लिशर्स /315/7/22-12-17/765/16-12-17/27-12-17 80.00   उ पालित B-685420 28/12/2017 1 80.00 Hindi Books

© Delhi Public Library
Hit Counter
free hit counter